LEADER 01760nam a2200325 i 4500 001 000000109894 003 CaOOAMICUS 005 20030630000000.0 008 030630s2002 it u000 u mul u 013 $a82575 020 $a88-343-0580-9 040 $aSeMil$bita 245 10$aMenae patricii cum Thoma referendario De scientia politica dialogus /$citeratis curis quae exstant in codice Vaticano palimpsesto ed. Carolus Maria Mazzucchi. 246 08$iTitolo sul dorso:$aDe scientia politica dialogus 250 $a[2. ed.]. 260 $aMilano :$bVita e Pensiero,$c2002. 300 $aXXVIII, 161 p., [1] c. di tav. ripiegata ;$c23 cm. 490 0 $aBibliotheca erudita. Studi e documenti di storia e filologia ;$v17 500 $aEd. critica del ms. Vat. gr. 1298, conservato presso la Biblioteca apostolica Vaticana e pubblicato in ed. provvisoria da Angelo Mai nel 1827. - Segue la traduzione italiana. 650 4$aLetteratura politica.$0(OLS)http://semarc/subject/5672 700 1 $aMazzucchi, Carlo Maria.$0(OLS)http://semarc/name/46110 700 1 $aMai, Angelo,$c.$0(OLS)http://semarc/name/1132 830 0$aBibliotheca erudita. Studi e documenti di storia e filologia ;$v17.$0(OLS)http://semarc/title/10509 850 $aSeMil 852 $aSeMil$W1$xVenegono$y1$m1X III 55$j237935$B65825$CSeMilBibl$Z2$F75998 $81 961 $aOmaggio: Colasanto Prof. Michele 996 $6020$a88-343-0580-9$9(OLS)http://semarc/number/91425 996 $6245$aMenae patricii cum Thoma referendario De scientia politica dialogus$9(OLS)http://semarc/title/159612 996 $6246$aDe scientia politica dialogus$9(OLS)http://semarc/title/159613 996 $6260$aMilano :$bVita e Pensiero$9(OLS)http://semarc/publisher/29642 LEADER 01717nam a2200325 i 4500 001 000000210189 003 CaOOAMICUS 005 20120117000000.0 008 120117s2008 it u000 u ita u 013 $a188997 020 $a978-88-8227-328-6 040 $aSeMil$bita 100 1 $aWilliams, Rowan,$c.$0(OLS)http://semarc/name/69874 240 12$aA margin of silence : the Holy Spirit in Russian orthodox theology.$0(OLS)http://semarc/title/303860 245 13$aLo Spirito, testimone silenzioso :$blo Spirito santo nella teologia ortodossa russa /$cRowan Williams ; [traduzione dall'inglese a cura di Christine E. Landau]. 260 $aMagnano :$bQiqajon,$c2008. 300 $a79 p. ;$c19 cm. 490 0 $aSequela oggi 650 4$aTeologia ortodossa - Spirito Santo.$0(OLS)http://semarc/subject/12124 650 4$aBulgakov, Sergej Nikolaevi? - Spirito Santo.$0(OLS)http://semarc/subject/25140 650 4$aFlorenskij, Pavel Aleksandrovi? <1882-1937> - Spirito Santo.$0(OLS)http://semarc/subject/39529 650 4$aLosskij, Vladimir - Spirito Santo.$0(OLS)http://semarc/subject/39530 700 1 $aLandau, Christine E.$0(OLS)http://semarc/name/75282 830 0$aSequela oggi.$0(OLS)http://semarc/title/9989 850 $aSeMil 852 $aSeMil$W1$xVenegono$y1$m2K I 115$j160639$B160639$CSeMilBibl$Z2$F171977 $81 961 $aCambio: Scuola Cattolica 996 $6020$a978-88-8227-328-6$9(OLS)http://semarc/number/205075 996 $6245$aLo Spirito, testimone silenzioso :$blo Spirito santo nella teologia ortodossa russa$9(OLS)http://semarc/title/303859 996 $6260$aMagnano :$bQiqajon$9(OLS)http://semarc/publisher/32326